Statistics for German Football Premier League (Bundesliga)

Click here to take the quiz!

General Stats

  • This quiz has been taken 102 times
  • The average score is 13 of 18

Answer Stats

Team% Correct
Bayern Munich
100%
Borussia Dortmund
98%
Bayer Leverkusen
83%
VfL Wolfsburg
82%
Hamburger SV
82%
Eintracht Frankfurt
78%
Schalke 04
76%
Borussia Mönchengladbach
74%
Werder Bremen
74%
1. FC Köln
71%
VfB Stuttgart
67%
Augsburg
65%
Hertha BSC
65%
Hannover 96
61%
TSG 1899 Hoffenheim
59%
1. FSV Mainz 05
58%
SC Freiburg
54%
SC Paderborn 07
42%

Score Distribution

Percentile by Number Answered

Percent of People with Each Score

Your Score History

You have not taken this quiz